Dopasuj gitarzystę do zespołu. - Statystyki

Ogólne statystyki
  • Ten quiz został rozwiązany 47 razy
  • Średni wynik to 7 z 16
Statystyki odpowiedzi
Hint Odpowiedź % Poprawnych
Brian May Queen
78%
Jimmy Page Led Zeppelin
75%
Angus Young AC/DC
67%
Mark Knopfler Dire Straits
64%
David Gilmour Pink Floyd
61%
Eric Clapton Cream
53%
Keith Richards The Rolling Stones
50%
Tonny Iommi Black Sabbath
47%
Ritchie Blackmore Deep Purple
47%
Pete Townshend The Who
33%
Steve Howe Yes
25%
Andy Latimer Camel
22%
Steve Hackett Genesis
22%
Robert Fripp King Crimson
19%
Steve Rothery Marillion
17%
Alex Lifeson Rush
11%
Nie znaleziono quizów pasujących do podanych kryteriów
Rozkład punktacji
Procent ludzi z każdym wynikiem
Percentyl według liczby udzielonych odpowiedzi
Twoja historia wyników
Nie rozwiązałeś tego quizu